| 000 | 00889nam a2200253 4500 | ||
|---|---|---|---|
| 001 | 21544 | ||
| 003 | BD-RjUL | ||
| 005 | 20211209000711.0 | ||
| 008 | 140304s1976 ur b 000 0 eng d | ||
| 035 | _a(BD-RjUL)21608 | ||
| 040 |
_aBD-RjUL _beng _cBD-RjUL _dBD-RjUL |
||
| 041 | 1 |
_aeng _hrus |
|
| 082 |
_a911.47 _bSHO 1976 |
||
| 245 | 0 | 2 |
_aA Short history of geographical science in the Soviet Union / _cunder the general editorship of Innokenty Gerasimov ; translated from the Russian by John Williams |
| 260 |
_aMoscow : _bProgress Publishers, _c1976 |
||
| 300 |
_a179 p : _c21 cm |
||
| 500 | _aTranslation of Geograficheskai͡a nauka v SSSR | ||
| 504 | _aIncludes bibliographical references | ||
| 650 | 0 |
_aGeography _xHistory _966285 |
|
| 700 | 1 |
_aGerasimov, I. P. _q(InnokentiÄ Petrovich), _d1905-1985. _966540 |
|
| 942 |
_2ddc _cBK |
||
| 999 |
_c21544 _d21544 |
||